000 00237nam a2200097Ia 4500
001 1206408
005 20251013105002.0
008 250824s9999 xx 000 0 und d
245 0 _aGELİBOLU
_cBUKET UZUNER
260 _bEVEREST YAYINLARI
999 _c1206408
_d1206408